000 00567nam a22002417a 4500
003 UA-OsUOA
001 30698
007 ta
008 20041112b un ||||| |||| 00| 0 ukr d
100 _aКатерли Е.
090 _a82.09(477)
_bК29
942 _cBK
040 _aUA-OsUOA
_brus
_cUA-OsUOA
_dUA-OsUOA
245 _aНекрасов
_bРоман
300 _a278 с.
955 _a0
041 _arus
080 _a82.09(477)
260 _aКалуж
_bСоветский писатель
_c1959
044 _aRU
650 7 _2UDC
999 _c317112
_d317112